000 00771nam a2200205 a 4500
001 000034963
005 20240305135410.0
008 111024s1970 sp 000 f spa d
040 _aDO-SdBNP
_bspa
_cBNPHU
082 _a910.4
_bG216r
100 1 _aGarcía Márquez, Gabriel,
_b1928-2014
_d1928-
_91804
245 1 0 _aRelato de un náufrago /
_cGabriel García Márquez.
260 _aBarcelona :
_bTusquets editor,
_c1970.
300 _a88 p. :
_bil. ;
_c18 cm.
590 _aPerteneció a la biblioteca personal de Juan Isidro Jimenes Grullón
600 1 4 _aVELASCO, LUIS ALEJANDRO
_960554
650 4 _aSupervivencia después de accidentes aereos, naufragios, etc.
_960555
650 4 _aMarinos
_zColombia
_xBiografía
_960556
910 _aValidado. Control de calidad MFF
999 _c34454
_d34454